Acción de los organismos bajo jurisdicción del Ministerio de Cultura y Educación (Record no. 61773)

MARC details
000 -CABECERA
campo de control de longitud fija 00715nam a2200229 a 4500
005 - FECHA Y HORA DE LA ÚLTIMA TRANSACCIÓN
campo de control 20210219152828.0
008 - ELEMENTOS DE LONGITUD FIJA--INFORMACIÓN GENERAL
campo de control de longitud fija 991125n 000 0 spa u
035 ## - NÚMERO DE CONTROL DEL SISTEMA
Número de control de sistema UPN01000062531
100 ## - ASIENTO PRINCIPAL--NOMBRE PERSONAL
Nombre de persona STORNI, Adolfo Enrique
222 ## - TÍTULO CLAVE
Título clave CONESCAL : REVITA DEL CENTRO REGIONAL DE CONSTRUCCIONES ESCOLARES PARA AMERICA LATINA
245 ## - MENCIÓN DE TÍTULO
Título Acción de los organismos bajo jurisdicción del Ministerio de Cultura y Educación
260 ## - PUBLICACIÓN, DISTRIBUCIÓN, ETC.
Lugar de publicación, distribución, etc. México
300 ## - DESCRIPCIÓN FÍSICA
Extensión 6-10
362 ## - FECHAS DE PUBLICACIÓN Y/O DESIGNACIÓN SECUENCIAL
Fecha de publicación y/o designación secuencial 1971 No. 21, sep.
653 0# - TERMINO DE INDIZACION - NO CONTROLADO
Término no controlado ARGENTINA
653 0# - TERMINO DE INDIZACION - NO CONTROLADO
Término no controlado CONSTRUCCIONES ESCOLARES
653 0# - TERMINO DE INDIZACION - NO CONTROLADO
Término no controlado GASTO EDUCATIVO
653 0# - TERMINO DE INDIZACION - NO CONTROLADO
Término no controlado INSTITUCIONES EDUCATIVAS
653 0# - TERMINO DE INDIZACION - NO CONTROLADO
Término no controlado POLITICA EDUCATIVA
904 ## - ELEMENTOS DE DATOS D LOCAL, LDD (RLIN)
a AC
b 000342
905 ## - TIPO DE MATERIAL
Tipo de material Articulo

No items available.